| 000 | 00921cam a2200313 a 4500 | ||
|---|---|---|---|
| 001 | 4005000 | ||
| 003 | OSt | ||
| 005 | 20161208132731.0 | ||
| 008 | 951102s1994 ja b 010 0 eng d | ||
| 010 | _a 96137480 | ||
| 020 | _a 978-9280808544 | ||
| 020 | _a9280808540 | ||
| 035 | _a(OCoLC)33414022 | ||
| 040 |
_aMWalB _cMWalB _dDLC |
||
| 042 | _alccopycat | ||
| 043 | _ad------ | ||
| 050 | 0 | 0 |
_aHM213 _b.C87 1994 |
| 082 | 0 | 0 |
_a306 _221 _bCUL 1994 |
| 100 |
_aEdited by Selo Soemardjan; Kenneth W. Thompson. _911359 |
||
| 245 | 0 | 0 |
_aCulture, Development, and Democracy; _bthe role of the intellectual. |
| 260 |
_bUnited Nations University Press, _c1994. |
||
| 300 |
_ax, 228 p. ; _c24 cm. |
||
| 504 | _aIncludes bibliographical references. | ||
| 650 |
_aCulture _97897 |
||
| 650 |
_aDemocracy _91184 |
||
| 650 |
_aDevelopment _9612 |
||
| 906 |
_a7 _bcbc _ccopycat _d3 _encip _f19 _gy-gencatlg |
||
| 942 |
_2ddc _cSLOAN |
||
| 999 |
_c3137 _d3137 |
||